LEADER 00858nam a2200253 i 4500 001 991003814909707536 005 20020509132640.0 008 010514s1981 it ||| | ita 035 $ab11219191-39ule_inst 035 $aPARLA189151$9ExL 040 $aDip.to Filosofia$bita 082 0 $a340.1 100 1 $aMancini, Italo$0152479 245 10$aNegativismo giuridico /$cItalo Mancini 260 $aUrbino :$bQuattroventi,$c1981- 300 $av. ;$c21 cm. 500 $aContiene: 1. -- 1981. -- 196 p. 650 4$aDiritto$xConcetto 907 $a.b11219191$b21-09-06$c01-07-02 912 $a991003814909707536 945 $aLE005IF XLIX F 37$cV. 1$g1$iLE005IFA-2704$lle005$o-$pE0.00$q-$rl$s- $t0$u0$v0$w0$x0$y.i11372795$z01-07-02 996 $aNegativismo giuridico$9867706 997 $aUNISALENTO 998 $ale005$b01-01-01$cm$da $e-$fita$git $h0$i1